Statistics for Countries that are kingdoms

Click here to take the quiz!

General Stats

  • This quiz has been taken 16 times
  • The average score is 6 of 7

Answer Stats

Answer% Correct
United kingdom
100%
Belgium
88%
Netherlands
88%
Sweden
88%
Denmark
81%
Norway
81%
Spain
81%

Score Distribution

Percentile by Number Answered

Percent of People with Each Score

Your Score History

You have not taken this quiz